000
00338 a2200157 4500
001
13608
020
_a
9788575039694
040
_c
Anchieta - Aquarius
100
_a
Rai
240
1
0
_a
Turma do infinito:
_l
por
245
1
0
_a
Turma do infinito:
300
_a
56p,
362
0
_a
2011
650
4
_a
Literatura infanto-juvenil
942
_c
BK
999
_c
13608
_d
13608